00604 2200205 4500001002100000005001500021035002000036245013300056100002000189250000600209300003300215700002500248260003100273082000800304084001400312020001800326650002000344990001700364990001700381INLIS00000000000038220181012120610 a0010-10180000721 aEmpat K ( Kecil-Kecil Kompak dan Kreatif ). :bJilid 7 Terjebak Pepaya Bergetah /cDrajat Suratman; Editor, Eko Marsudiono, S.Pd0 aDrajat Suratman a- a16 hlm. :bilus. ;c27,5 cm.0 aEko Marsudiono, S.Pd aBogor :bYudhistira,c2004 a813 a813 DRA e a979-746-297-8 aFiksi Indonesia a01487/P/2018 a01488/P/2018